000 00731nam a2200265Ia 4500
008 171120s9999 xx 000 0 und d
020 _a9712710742
050 _a133.91
050 _bP438 2001
100 _aPerez, Tony
245 _aStories of the moon :
245 _bmore adventures of the spirit questors /
245 _cby Tony Perez ; with Michael Marlo R. Dugue and Dion Michael Fernandez.
260 _aPhilippines :
260 _bAnvil,
260 _c2001
300 _a169 pages :
300 _billustrations ;
300 _c21cm.
650 _aChanneling (Spiritualism) --
650 _xPhilippines.
700 _aDugue, Michael Marlo R.
700 _aFernandez, Dion Michael.
700 _aTitle.
999 _c345405
_d345405